01141ngm a2200277 a 450000500170000000800410001708200180005824500800007625000190015630000620017549000390023750000900027650500710036665000680043765000530050570000380055870000320059674000350062894200200066326400420068333600270072533700330075233800280078504000350081399900150084820220317001300.0160825s1978 ck g 000 0 spa 04a791.436bM14a10aAgarrando pueblocdirección Carlos Mayolo y Luis Ospinahvideograbación a1a. edición  a1 videocasete en VHS (57 minutos)bsonido, color c20 cm  aLa maletappelículas colombianas aLa película pertenece a la colección La Maleta. Dirigida para un público adulto aLa langosta azul [videocasete] / dirección Alvaro Cepeda Zamudio142LEMBaPelículas cinematográficas colombianasvVideocasetes 142LEMB aPobreza urbana en el cine vVideocasetes 1 aMayolo, Carlosd1945-2007 9686601 aOspina, Luisd1949- 96856732aLa langosta azul [videocasete] 2ddccVIDEOCASET aBogotábMinisterio de Culturac1978 atextobtxt2rdacontent asin mediaciónbn2rdamedia avolumenbnc2rdacarrier aCO-BoRNBPbspaerdacCO-BoRNBP c6480d6480